Statistics for Top 10 oldest living NBA Finals MVPs

Click here to take the quiz!

General Stats

  • This quiz has been taken 41 times
  • The average score is 7 of 10

Answer Stats

AgeQB% Correct
75Kareem Abdul-Jabbar
94%
62Magic Johnson
89%
65Larry Bird
83%
83Jerry West
75%
60Isiah Thomas
58%
61James Worthy
58%
69Bill Walton
56%
66Cedric Maxwell
50%
79Willis Reed
50%
78Rick Barry
44%

Score Distribution

Percentile by Number Answered

Percent of People with Each Score

Your Score History

You have not taken this quiz